000 01505nam0a2200361 i 4500
001 RU\NLR\BIBL_A\010925599
005 20260406095553.0
010 _a9785389101128
_95000
021 _aRU
_b2015-93309
_95759
035 _a(NILC)RuMoRGB-008087485
035 _a(NLR Aleph) 010925599
090 _a10698339
_c10698339
100 _a20151215d2015 c y0rusy50 ca
101 1 _arus
_ceng
102 _aRU
_aUA
105 _aa|||z|||000ay
200 1 _aМедвежонок Паддингтон - чемпион
_e[для младшего школьного возраста]
_fМайкл Бонд
_g[пер. с англ. Александры Глебовской, Катерины Сиверцевой
_gил. Р.В. Элли]
210 _aСанкт-Петербург
_cАзбука
_cАзбука-Аттикус
_aКиев
_cМахаон-Украина
_d2015
215 _a203, [3] с.
_cил.
_d21
225 1 _aСерия "Приключения медвежонка Паддингтона"
320 _aДр. произведения авт. на 2-й с.
333 _a0+
686 0 _aШ9(4Вл)60-4
700 1 _aБонд
_bМ.
_f1926-2017
_gМайкл
_3RU\NLR\AUTH\7772784
_955712
702 1 _aЭлли
_bР. В.
_4440
801 0 _aRU
_bРГБ
_c20151204
_gRCR
801 2 _aRU
_bРГБ
_c20151208
_grcr
801 1 _aRU
_bРГБ
_c20151204
_2rusmarc
942 _cBOOK
980 _aNBR